Score 0/40 Timer 07:00
1 Play Today
Law T/F? % Correct
It is illegal to watch live television without a licence having been purchased for the address.???
75.4%
It is illegal to fire a cannon within 300 yards of anybody's house.???
71.5%
It is illegal to be drunk and in charge of a cow in Scotland.???
71.2%
It is illegal to let your pet mate with any pet from the Royal House.???
69.9%
It is illegal to have an abortion in Northern Ireland, apart from in 'exceptional circumstances'.???
69.7%
It is illegal to gamble in a library.???
69.3%
It is illegal to keep a pigsty in front of your house, unless it is hidden from public view.???
67.8%
It is illegal to erect a washing line across any street.???
66.8%
Any whale or great Sturgeon caught in the UK becomes the property of the Queen.???
66.3%
It is illegal to drive any cattle through any street between the hours of 10am and 7pm.???
65.8%
It is illegal to cause a nuclear explosion.???
64%
It is illegal for Scotch whisky to be produced with an alcohol content below 40%.???
62.7%
It is illegal to beat or shake any carpet rug or mat in any street in the Metropolitan Police District, unless it is a doormat and it is before 8am.???
62.2%
It is illegal for paddlesteamer or cruise liner to pass through Royal Leamington Spa without reciting a sonnet from Romeo and Juliet loudly enough for the town cryer to hear.???
60.8%
Royal Navy ships that enter the Port of London are required to provide a barrel of rum to the Constable of the Tower of London. ???
60.7%
It is illegal to take a picture of a rabbit from January to April without an official permit.???
60.5%
It is illegal to eat mince pies on Christmas day in England.???
60.4%
It is illegal to order or permit any servant to stand on the sill of any window to clean or paint it.???
59.9%
It is illegal to enter the hull of the RMS Titanic without permission from the Secretary of State.???
57.7%
A pregnant lady is allowed to relieve herself anywhere she likes, including in the hat of a London policeman.???
56.6%
Law T/F? % Correct
It is illegal in the city of Shrewsbury not to hold a door open for someone who is approaching the door and is less than 8 yards away.???
49.4%
It is illegal to import potatoes into England or Wales if one has reasonable cause to suspect that they are Polish potatoes.???
49.2%
It is illegal for a woman to be topless in the city of Liverpool, unless they work in a tropical fish store.???
48.4%
It is illegal to perform a homosexual act unless it is consensual, in private and limited to 2 people above the age of 21.???
45.7%
All English males over the age of 14 are to carry out two hours of longbow practice every week, supervised by the local clergy.???
43.1%
London taxi drivers must ask all passengers if they have smallpox or the plague.???
42.7%
It is illegal to enter the Tower of London wearing a kilt or carrying bagpipes.???
41.6%
It is illegal on the Welsh island of Anglesey to own or use a car, motorbike or milk float. Tractors however, are exempt.???
41.2%
It is illegal for a Frenchman to enter the city walls of Hastings without showing their passport or national ID card at the relevant checkpoints.???
39.2%
It is illegal to drive a car containing a dog that is not restrained using a safety harness, unless it is held in the arms of a passenger.???
37.7%
It is illegal to get a fish drunk.???
37.5%
Treason in England, Scotland and Wales is punishable with the death penalty.???
36.9%
It is illegal to capture an alligator, an alligator's skin or any part of an alligator, dead or alive.???
36.6%
It is illegal to put squirrels down your pants for the purposes of gambling.???
35.1%
It is LEGAL to shoot a Welshman in the city of Chester, as long as it is within the city walls and using a crossbow.???
35%
It is illegal to stay on the London Underground's Circle line for over 5 hours unless there are 'extreme unavoidable' delays.???
32.7%
It is illegal to be part of a group or movement which actively and vocally condone Nazi policies and viewpoints.???
31.6%
A gentleman must remove his top hat when boarding and travelling on a London Underground train.???
30.4%
It is illegal to live and attend school in Wales and have not received lessons in the Welsh language by the age of 11.???
27.5%
It is illegal to mine or attempt to mine Plutonium without permission of the Home Secretary.???
17.7%

You're not logged in!

Compare scores with friends on all Sporcle quizzes.
OR
Log In

Sporcle TV

Today on Sporcle TV


Watch our educational content, quiz creation guides, and fun videos on Sporcle TV.

Show Comments

Extras

Top Quizzes Today


Score Distribution

Paid Content

Your Account Isn't Verified!

In order to create a playlist on Sporcle, you need to verify the email address you used during registration. Go to your Sporcle Settings to finish the process.

Report this User

Report this user for behavior that violates our Community Guidelines.

Details: